Harmonization of Procedural Law vs Procedural Autonomy of the Member State
Súdna spolupráca v oblasti civilného práva je úspešným príbehom v Európskej únii. Súčasný regulačný stav práva únie neumožňuje dospieť k záveru o existencii jednotnotného procesného práva, členské štáty majú autonómiu prijímať vlastné procesné pravidlá (princíp národnej procesnej autonómie). Súdny d...
Saved in:
| Main Author: | |
|---|---|
| Format: | Book Chapter |
| Language: | English |
| Subjects: | |
| Tags: |
No Tags, Be the first to tag this record!
|
MARC
| LEADER | 00000nla a2200000 4500 | ||
|---|---|---|---|
| 001 | 0241349 | ||
| 005 | 20240417075133.7 | ||
| 041 | 0 | |a eng | |
| 044 | |a SK | ||
| 245 | 1 | 0 | |a Harmonization of Procedural Law vs Procedural Autonomy of the Member State |c Katalin Gombos |
| 520 | |a Súdna spolupráca v oblasti civilného práva je úspešným príbehom v Európskej únii. Súčasný regulačný stav práva únie neumožňuje dospieť k záveru o existencii jednotnotného procesného práva, členské štáty majú autonómiu prijímať vlastné procesné pravidlá (princíp národnej procesnej autonómie). Súdny dvor Európskej únie môže túto slobodu podriadiť preskúmaniu založenému na zásadách rovnocennosti a účinnosti. Pravidlo autonómie členského štátu je tiež striktne ovladané mechanizmom „konania na základe vlastného podnetu“ (ex officio). Tento koncept je skutočným pravodlom procesnej autonómie vzťahujúcej sa k vymáhaniu nárokov založených na európskej regulácii. Otázkou je: kde je možné najš hraničnú čiaru medzi ex officio mechanizmom a princípom narodnej procesnej autonómie v prípade aj súkromná osoba chce vymáhať svoje nároky priamo z práva EU pred súdom členského štátu. | ||
| 610 | 2 | 0 | |a právo procesné medzinárodné |
| 610 | 2 | 0 | |a regulácia |
| 610 | 2 | 0 | |a aproximácia práva |
| 610 | 2 | 0 | |a autonómia |
| 610 | 2 | 0 | |a Súdny dvor Európskej únie |
| 100 | 1 | |a Gombos, Katalin | |